LEADER 01367nam a2200265 4500 001 000000359339 003 CaOOAMICUS 005 20240812150522.0 008 240812s1816 it a 000 u ita r 026 $ee.s- cale neo. paNe (3) 1816 (A) 040 $aSeMil$bita 100 11$aMalaspina di Sannazzaro, Luigi .$0(OLS)http://semarc/name/90988 245 10$aMemorie storiche della fabbrica della cattedrale di Pavia del marchese Malaspina di Sannazaro. 264 1$aMilano :$bPer Giovanni Pirotta,$c1816. 300 $a29, [1] p., VIII carte di tav. :$bill. ;$cfol. 500 $aTavole incise da Vincenzo Brunello su disegno di Carlo Amati 650 4$aPavia - Chiese - Cattedrale di Santo Stefano e Santa Maria Assunta.$0(OLS)http://semarc/subject/48940 700 1 $aBrunello, Vincenzo .$0(OLS)http://semarc/name/120189 700 1 $aAmati, Carlo,$d<1776-1852>.$0(OLS)http://semarc/name/118693 700 1 $aPirotta, Giovanni,$c.$0(OLS)http://semarc/name/2725 850 $aSeMil 852 $aSeMil$W1$xVenegono$y1$m3X IX 13 FA$j250252$B250413$CSeMilBibl$Z2$F250413 $8I 996 $6245$aMemorie storiche della fabbrica della cattedrale di Pavia del marchese Malaspina di Sannazaro$9(OLS)http://semarc/title/449798 996 $6264$aMilano :$bPer Giovanni Pirotta$9(OLS)http://semarc/publisher/56581 LEADER 01151nam a2200241 i 4500 001 000000072914 003 CaOOAMICUS 005 20090504000000.0 008 090504s1956 it u000 u ita u 013 $a44086 040 $aSeMil$bita 100 1 $aDalla Nora, Geremia.$0(OLS)http://semarc/name/35297 245 10$aCondizionatori biologici della personalità :$bbiologia e educazione /$cGeremia Dalla Nora. 260 $aTorino :$bPontificio Ateneo Salesiano,$c1956$e(Luogo di manifattura non identificato :$fTip. Appiano,$g1956) 300 $a313 p. :$bill. ;$c25 cm. 490 0 $aPubblicazioni dell'Istituto superiore di pedagogia ;$v3 500 $aL. 1500. 650 4$aBiopsicologia.$0(OLS)http://semarc/subject/14751 830 0$aPubblicazioni dell'Istituto superiore di pedagogia ;$v3.$0(OLS)http://semarc/title/27957 850 $aSeMil 852 $aSeMil$W1$xVenegono$y1$m2Q III 153$j39067$B39067$CSeMilBibl$Z2$F39070 $81 996 $6245$aCondizionatori biologici della personalità :$bbiologia e educazione$9(OLS)http://semarc/title/117642 996 $6260$aTorino :$bPontificio Ateneo Salesiano$9(OLS)http://semarc/publisher/35472